Bananas & plantains in Southeast Asia

The great importance of bananas and plantains as stable items of diet among the poor populations of Southeast Asia has long been recognized.

Sparad:
Bibliografiska uppgifter
Institutionell upphovsman: International network for the improvement of Banana and plantain
Materialtyp: Bok
Språk:Undetermined
Publicerad: France Parc Scientifique Agropolis-Montpellier 1990
Ämnen:
Taggar: Lägg till en tagg
Inga taggar, Lägg till första taggen!
Thư viện lưu trữ: Trung tâm Học liệu Trường Đại học Cần Thơ
LEADER 00769nam a2200193Ia 4500
001 CTU_206209
008 210402s9999 xx 000 0 und d
082 |a 634.772 
082 |b I.61 
110 |a International network for the improvement of Banana and plantain 
245 0 |a Bananas & plantains in Southeast Asia 
245 0 |c International network for the improvement of Banana and plantain 
260 |a France 
260 |b Parc Scientifique Agropolis-Montpellier 
260 |c 1990 
520 |a The great importance of bananas and plantains as stable items of diet among the poor populations of Southeast Asia has long been recognized. 
650 |a Bananas,Cây chuối 
904 |i Tuyến 
980 |a Trung tâm Học liệu Trường Đại học Cần Thơ